Top Coasters 2024 - Statistiques

Statistiques générales
  • Ce quiz a été pris 65 fois
  • Le résultat moyen est 47 sur 100
Statistiques - réponses
Classement Coaster Parc Pays % Correct
3 Ride To Happiness Plopsaland De Panne Belgique
98%
9 Voltron Europa Park Allemagne
98%
15 Toutatis Parc Astérix France
93%
4 Zadra Energylandia Pologne
93%
5 VelociCoaster Universal Studios Islands of Aventure États-Unis
91%
37 F.L.Y. Phantasialand Allemagne
89%
24 Taron Phantasialand Allemagne
89%
23 Kondaa Walibi Belgium Belgique
85%
1 Steel Vengeance Cedar Point États-Unis
83%
2 Iron Gwazi Busch Gardens Tampa États-Unis
80%
99 Wodan Timbur Coaster Europa Park Allemagne
74%
11 Fury 325 Carowinds États-Unis
72%
30 Hyperia Thorpe Park Royaume-Uni
72%
31 Hyperion Energylandia Pologne
72%
16 Untamed Walibi Holland Pays-Bas
72%
10 Batman Gotham City Escape Parque Warner Madrid Espagne
70%
91 Mahuka Walibi Rhône-Alpes France
70%
12 Taiga Linnanmäki Finlande
70%
25 Expedition GeForce Holiday Park Allemagne
65%
36 Shambhala PortAventura Park Espagne
65%
58 Formula Rossa Ferrari World Abu Dhabi Émirats Arabes Unis
63%
29 Helix Liseberg Sude
63%
8 Hakugei Nagashima Spa Land Japon
61%
50 Lech Coaster Legendia Pologne
59%
20 Maverick Cedar Point États-Unis
59%
35 Schwur des Kärnan Hansa Park Allemagne
57%
7 ArieForce One Fun Spot America Atlanta États-Unis
54%
77 Nemesis Reborn Alton Towers Royaume-Uni
54%
19 Pantherian Kings Dominion États-Unis
54%
55 Time Traveler Silver Dollar City États-Unis
54%
22 Wildfire Kolmården Suède
54%
14 El Toro Six Flags Great Adventure États-Unis
52%
88 Katun Mirabilandia Italie
52%
6 The Voyage Holiday World États-Unis
52%
43 Flying Aces Ferrari World Abu Dhabi Émirats Arabes Unis
50%
90 Hagrid's Magical Creatures Motorbike Adventure Universal Studios Islands of Adventure États-Unis
50%
74 iSpeed Mirabilandia Italie
50%
57 Leviathan Canada's Wonderland Canada
50%
70 Leviathan Sea World Australie
50%
76 Manta SeaWorld Abu Dhabi Émirats Arabes Unis
50%
17 Eejanaika Fuji-Q Highland Japon
48%
97 Guardians of the Galaxy : Cosmic Rewind EPCOT États-Unis
48%
52 Millenium Force Cedar Point États-Unis
48%
71 Orion Kings Island États-Unis
48%
41 Pantheon Busch Gardens Williamsburg États-Unis
48%
42 Twisted Colossus Six Flags Magic Mountain États-Unis
48%
18 DC Rivals HyperCoaster Warner Bros. Movie World Australie
46%
68 Mako Sea World Orlando États-Unis
46%
73 Superman el Ultimo Escape Six Flags Mexico Mexique
46%
48 Superman the Ride Six Flags New England États-Unis
46%
13 Wildcat's Revenge Hersheypark États-Unis
46%
39 X2 Six Flags Magic Mountain États-Unis
46%
92 Colossos - Kampf der Giganten Heide Park Allemagne
43%
66 Goliath Six Flags Over Georgia États-Unis
43%
86 Goliath Six Flags Great America États-Unis
43%
26 Lightning Rod Dollywood États-Unis
43%
21 T Express Everland Corée du Sud
43%
46 Fønix Fårup Sommerland Danemark
41%
69 Phoenix Knoebels Amusement Resort États-Unis
41%
89 Cannibal Lagoon États-Unis
39%
47 Flying Dinosaur Universal Studios Japan Japon
39%
95 Montu Busch Gardens Tampa États-Unis
39%
93 Piraten Djurs Sommerland Danemark
39%
56 Top Thrill 2 Cedar Point États-Unis
39%
53 Phantom's Revenge Kennywood États-Unis
37%
80 Pyrenees Parque Espana Japon
37%
96 Wonder Woman Flight of Courage Six Flags Magic Mountain États-Unis
37%
61 Wonder Woman Golden Lasso Coaster Six Flags Fiesta Texas États-Unis
37%
32 Dinoconda China Dinosaurs Park Chine
35%
33 Outlaw Run Silver Dollar City États-Unis
35%
62 RailBlazer California's Great America États-Unis
35%
27 Skyrush Hersheypark États-Unis
35%
94 Diamondback Kings Island États-Unis
33%
72 Hyper Coaster Land of Legends Theme Park Turquie
33%
85 Joker Six Flags Discovery Kingdom États-Unis
33%
51 Medusa Steel Coaster Six Flags Mexico Mexique
33%
28 Twisted Timbers Kings Dominion États-Unis
33%
63 Boulder Dash Lake Compounce États-Unis
30%
60 GhostRider Knott's Berry Farm États-Unis
30%
38 Iron Rattler Six Flags Fiesta Texas États-Unis
30%
81 Junker PowerPark Finlande
30%
75 Coaster Playland Canada
28%
98 New Texas Giant Six Flags Over Texas États-Unis
28%
83 Ravine Flyer II Waldameer États-Unis
28%
78 Storm Runner Hersheypark États-Unis
28%
67 Mystic Timbers Kings Island États-Unis
26%
44 Wicked Cyclone Six Flags New England États-Unis
26%
49 Wood Coaster Knight Valley Chine
26%
45 Storm Chaser Kentucky Kingdom États-Unis
24%
54 Coaster Through the Clouds Nanchang Sunac Land Chine
20%
87 Lightning Run Kentucky Kingdom États-Unis
20%
79 Shivering Timbers Michigan's Adventure États-Unis
20%
40 Soaring with Dragon Hefei Sunac Land Chine
20%
64 Stunt Pilot Silverwood Theme Park États-Unis
20%
84 Twisted Cyclone Six Flags Over Georgia États-Unis
20%
34 Python in Bamboo Forest Nanchang Sunac Land Chine
17%
100 Bullet Coaster Happy Valley Shenzhen Chine
15%
82 Gold Striker California's Great America États-Unis
11%
65 Starry Sky Ripper Joyland Chine
11%
59 Mega-Lite Happy Valley Shanghai Chine
7%
Aucun quiz correspondant
Distribution des résultats
% des personnes avec chaque résultat
Percentile par nombre de réponses
Votre historique - résultats
Vous n’avez pas pris ce quiz